Either/Or in 30: President Middle Names Quiz Stats

 Plays Quiz Updated Aug 21, 2019

Score 0/13 Timer 00:30
2 Plays Today
Question Answer Wrong Answers
Franklin Roosevelt Delano
82%
Daniel
2%
John Kennedy Fitzgerald
80.5%
Franklin
3%
Bill Clinton Jefferson
80.1%
Washington
3.6%
Lyndon Johnson Baines
78.6%
Bryant
4.9%
William Taft Howard
77.3%
Harold
5.9%
Richard Nixon Milhous
76.8%
Moorehouse
7.2%
Ronald Reagan Wilson
66.2%
Warren
17.2%
James Polk Knox
66%
Kent
16.7%
Chester Arthur Alan
54.2%
Alexander
28.7%
Warren Harding Gamaliel
54%
Gallane
28.6%
Gerald Ford Rudolph
49.7%
Reginald
33.7%
Herbert Hoover Clark
48.5%
Charles
34.4%
Rutherford Hayes Birchard
39.9%
Benjamin
43.5%

You're not logged in!

Compare scores with friends on all Sporcle quizzes.
OR
Log In

Sporcle TV

Today on Sporcle TV


Watch our educational content, quiz creation guides, and fun videos on Sporcle TV.

Show Comments

Extras

Top Quizzes Today


Score Distribution

Your Account Isn't Verified!

In order to create a playlist on Sporcle, you need to verify the email address you used during registration. Go to your Sporcle Settings to finish the process.

Report this User

Report this user for behavior that violates our Community Guidelines.

Details: